[Event "ECC"]
[Site "Panormo GRE"]
[Date "2001.09.24"]
[Round "2"]
[White "Stojanovski,D"]
[Black "Glek,I"]
[Result "1/2-1/2"]
[WhiteElo "2417"]
[BlackElo "2574"]
[EventDate "2001.09.22"]

1. e4 e6 2. d4 d5 3. Nc3 Nf6 4. Bg5 Bb4 5. e5 h6 6. Be3 Ne4 7. Qg4 g6 8. a3
Bxc3+ 9. bxc3 Nxc3 10. Bd3 c5 11. dxc5 Qa5 12. Qb4 Qxb4 13. axb4 Nc6 14.
Bd2 d4 15. Nf3 Nxb4 16. Nxd4 Nxd3+ 17. cxd3 Nd5 18. Nb5 a6 19. Nd6+ Kf8 20.
Ke2 b6 21. cxb6 1/2-1/2

[Event "ECC"]
[Site "Panormo GRE"]
[Date "2001.09.24"]
[Round "2"]
[White "Gofshtein,Z"]
[Black "Babula,V"]
[Result "1/2-1/2"]
[WhiteElo "2518"]
[BlackElo "2566"]
[EventDate "2001.09.22"]

1. d4 d5 2. c4 c6 3. Nf3 Nf6 4. e3 Bf5 5. Nc3 e6 6. Nh4 Be4 7. Qb3 Qb6 8.
cxd5 Qxb3 9. axb3 Bxd5 10. Nxd5 cxd5 11. Bb5+ Nc6 12. Ke2 Bd6 13. Nf3 Ke7
14. Bd2 Ne4 15. Bxc6 bxc6 16. Ra6 Rhb8 17. Rha1 Rxb3 18. Rxa7+ Rxa7 19.
Rxa7+ Kf6 20. Bc1 Bb8 21. Rd7 h5 22. h3 c5 23. g4 hxg4 24. hxg4 c4 25. Nd2
Nxd2 1/2-1/2

[Event "ECC"]
[Site "Panormo GRE"]
[Date "2001.09.24"]
[Round "2"]
[White "Finkel,A"]
[Black "Knaak,R"]
[Result "1/2-1/2"]
[WhiteElo "2485"]
[BlackElo "2494"]
[EventDate "2001.09.22"]

1. e4 e6 2. d4 d5 3. exd5 exd5 4. Nf3 Bd6 5. c4 Nf6 6. Nc3 c6 7. Bd3 O-O 8.
O-O dxc4 9. Bxc4 Bg4 10. h3 Bh5 11. g4 Bg6 12. Ne5 Ne4 13. f4 Nxc3 14. bxc3
Be4 15. Qb3 Qc7 16. a4 Bd5 17. Bxd5 cxd5 18. Rf3 Nc6 19. Qxd5 Rfd8 20. Qa2
Na5 21. Ba3 Bxa3 22. Qxa3 Rd5 23. Qa2 Rad8 24. Rb1 a6 25. g5 Qc8 26. Re1
Nc6 27. Nc4 Qc7 28. Qe2 g6 29. Ne3 R5d6 30. Ng4 Re6 31. Re3 Qxf4 32. Rxe6
fxe6 33. Qxe6+ Kg7 34. Qf6+ Qxf6 35. Nxf6 Kf7 36. Kg2 h6 37. h4 hxg5 38.
hxg5 b5 39. axb5 axb5 40. d5 Ne7 41. Rd1 Nf5 42. Kf3 Rc8 43. Ne4 Rc4 44.
Ra1 Ra4 45. Rb1 Rc4 46. Rb2 Ra4 47. Rh2 b4 48. cxb4 Rxb4 49. Rh7+ Kg8 50.
Rd7 Kf8 51. Rc7 Rd4 52. Rc5 Ke7 53. Ra5 Kf7 54. Ra7+ Kf8 55. Ra8+ Kf7 56.
Ra5 Ke7 57. Kf4 Ng3 58. Ra7+ Kf8 59. Kxg3 Rxe4 60. Rd7 Re5 61. Kf4 Rf5+ 62.
Kg4 Ke8 63. Rd6 Kf7 64. Kh4 Rf4+ 65. Kg3 Rf1 66. Rd7+ 1/2-1/2

[Event "ECC"]
[Site "Panormo GRE"]
[Date "2001.09.24"]
[Round "2"]
[White "Gustafsson,J"]
[Black "Palac,M"]
[Result "1/2-1/2"]
[WhiteElo "2535"]
[BlackElo "2578"]
[EventDate "2001.09.22"]

1. d4 Nf6 2. c4 e6 3. Nc3 Bb4 4. Qc2 c5 5. dxc5 Qc7 6. Nf3 Bxc5 7. e3 a6 8.
Be2 Be7 9. O-O d6 10. b3 O-O 11. Bb2 Nbd7 12. Rac1 b6 13. Rfd1 Bb7 1/2-1/2

[Event "ECC"]
[Site "Panormo GRE"]
[Date "2001.09.24"]
[Round "2"]
[White "Novkovic,Mi"]
[Black "Lugovoi,A"]
[Result "0-1"]
[WhiteElo "2396"]
[BlackElo "2485"]
[EventDate "2001.09.22"]

1. d4 Nf6 2. Nf3 g6 3. c4 Bg7 4. Nc3 d5 5. e3 O-O 6. Be2 c5 7. O-O cxd4 8.
exd4 Nc6 9. Re1 Bg4 10. cxd5 Nxd5 11. h3 Be6 12. Bf1 Rc8 13. Bg5 h6 14. Be3
Nxe3 15. fxe3 f5 16. Qa4 Bf7 17. Bc4 e5 18. Bxf7+ Rxf7 19. Rad1 e4 20. Nd2
a6 21. Nf1 Na5 22. Rc1 b5 23. Qd1 Rfc7 24. Ne2 Rxc1 25. Nxc1 Qd5 26. a3 Nc4
27. Qb3 f4 28. exf4 Qxd4+ 29. Kh1 Qxb2 30. Qg3 Kh7 31. Qg4 Qf2 32. Rd1 Nb2
33. Rd6 Qxf1+ 34. Kh2 Qxc1 35. Rxg6 Rc7 36. Re6 Rf7 37. Qg6+ Kg8 38. Re8+
Rf8 39. Qe6+ Kh8 40. Rxf8+ Bxf8 41. Qe5+ Kg8 42. Qe6+ Kg7 43. Qd7+ Kf6 0-1

[Event "ECC"]
[Site "Panormo GRE"]
[Date "2001.09.24"]
[Round "2"]
[White "Santos,JP"]
[Black "Efimenko,Z"]
[Result "0-1"]
[WhiteElo "2299"]
[BlackElo "2495"]
[EventDate "2001.09.22"]

1. d4 Nf6 2. c4 g6 3. Nc3 Bg7 4. Nf3 O-O 5. Bg5 d6 6. e3 h6 7. Bh4 c5 8.
Be2 cxd4 9. Nxd4 Nc6 10. O-O Bd7 11. Qd2 a6 12. Rfd1 Rb8 13. Nb3 Be6 14. f3
Re8 15. Rac1 Na5 16. Nxa5 Qxa5 17. a3 g5 18. Bf2 Rec8 19. Nb1 Qxd2 20. Nxd2
Rc7 21. e4 Nd7 22. Rb1 Nc5 23. b3 f5 24. Bf1 Bc3 25. Bxc5 Rxc5 26. Bd3 f4
27. a4 Rbc8 28. g4 fxg3 29. hxg3 h5 30. Nf1 h4 31. Be2 Be5 32. Kf2 Rf8 33.
Kg2 Kg7 34. Rd2 Rh8 35. g4 Bf4 36. Rdd1 b5 37. cxb5 axb5 38. Bxb5 Rc2+ 39.
Kh3 Rhc8 40. Rd3 Rf2 0-1

[Event "ECC"]
[Site "Panormo GRE"]
[Date "2001.09.24"]
[Round "2"]
[White "Macieja,B"]
[Black "Golod,V"]
[Result "1-0"]
[WhiteElo "2588"]
[BlackElo "2514"]
[EventDate "2001.09.22"]

1. e4 e5 2. Nf3 Nc6 3. Bc4 Bc5 4. c3 Nf6 5. d3 a6 6. h3 Ba7 7. Nbd2 d6 8.
Bb3 O-O 9. Nf1 Ne7 10. Ng3 Ng6 11. O-O h6 12. Re1 Re8 13. d4 c6 14. Be3 Qc7
15. Qd2 Kh7 16. Bc2 Be6 17. Nf5 Bxf5 18. exf5 Nf8 19. dxe5 Bxe3 20. Qxe3
dxe5 21. Nxe5 N8d7 22. f4 Re7 23. Qg3 Nxe5 24. Rxe5 Qb6+ 25. Kh2 Rd7 26.
Rd1 Rxd1 27. Bxd1 Rd8 28. Bb3 Rd7 29. Qe1 Qd8 30. g4 Rd2+ 31. Re2 Rxe2+ 32.
Qxe2 Qd6 33. Kg3 Kg8 34. h4 Qc5 35. Kg2 Kf8 36. Qd3 Qe7 37. g5 Nd7 38. Kf3
Nc5 39. Qd4 f6 40. gxh6 gxh6 41. Bc4 a5 42. b4 axb4 43. cxb4 Na6 44. Qg1
Qd6 45. Qg8+ Ke7 46. Bxa6 bxa6 47. Qe6+ Qxe6 48. fxe6 Kxe6 49. Kg4 f5+ 50.
Kh5 Kd5 51. Kxh6 a5 52. a3 axb4 53. axb4 Kc4 54. h5 Kxb4 55. Kg5 1-0

[Event "ECC"]
[Site "Panormo GRE"]
[Date "2001.09.24"]
[Round "2"]
[White "Socko,B"]
[Black "Roiz,M"]
[Result "1/2-1/2"]
[WhiteElo "2559"]
[BlackElo "2511"]
[EventDate "2001.09.22"]

1. Nf3 Nf6 2. g3 g6 3. Bg2 Bg7 4. O-O O-O 5. d3 c5 6. e4 Nc6 7. Re1 d6 8.
c3 Bg4 9. h3 Bxf3 10. Qxf3 Nd7 11. Na3 Rb8 12. Nc2 b5 13. a3 a5 14. Bd2 b4
15. axb4 axb4 16. Ra6 bxc3 17. Bxc3 Rb6 18. Rea1 Rxa6 19. Rxa6 Qc8 20. Ra2
Qc7 21. Qd1 Rb8 22. Qa1 Rb3 23. Ra8+ Nf8 24. Qa4 Rb8 25. Rxb8 Nxb8 26. d4
Nbd7 27. Qc4 Qa7 28. dxc5 Bxc3 29. Qxc3 dxc5 30. Ne3 Ne6 31. Nd5 Nb6 32.
Qa3 Qxa3 33. bxa3 Nxd5 34. exd5 Nd4 35. a4 Nb3 36. Bf1 Na5 37. f4 f5 38. g4
Kf7 39. Kf2 Kf6 40. gxf5 gxf5 41. Bb5 e5 42. Ke3 Nb7 43. Bd3 h6 44. h4 Na5
45. Ba6 c4 46. h5 exf4+ 47. Kxf4 c3 48. Bd3 Nc4 49. Bxf5 Nb6 50. d6 Nxa4
1/2-1/2

[Event "ECC"]
[Site "Panormo GRE"]
[Date "2001.09.24"]
[Round "2"]
[White "Salmensuu,O"]
[Black "Chernin,A"]
[Result "1/2-1/2"]
[WhiteElo "2431"]
[BlackElo "2601"]
[EventDate "2001.09.22"]

1. e4 d6 2. d4 Nf6 3. Nc3 g6 4. Bf4 Bg7 5. Qd2 a6 6. Bh6 Bxh6 7. Qxh6 e5 8.
O-O-O Ng4 9. Qg7 Qf6 10. Qxf6 Nxf6 11. dxe5 dxe5 12. h3 Be6 13. Nf3 Nbd7
14. Ng5 Ke7 15. Be2 Rad8 16. Rhf1 h6 17. Nxe6 fxe6 18. Rd3 Nc5 19. Rg3 g5
20. b4 Ncd7 21. h4 Rdg8 22. Rh1 Rh7 23. hxg5 hxg5 24. Rxh7+ Nxh7 25. Rh3
Nhf6 26. Kd2 b5 27. f3 a5 28. a3 Rd8 29. Ke1 Rg8 30. Nd1 1/2-1/2

[Event "ECC"]
[Site "Panormo GRE"]
[Date "2001.09.24"]
[Round "2"]
[White "Luther,T"]
[Black "Kiik,K"]
[Result "1-0"]
[WhiteElo "2604"]
[BlackElo "2449"]
[EventDate "2001.09.22"]

1. e4 c6 2. d4 d5 3. Nd2 dxe4 4. Nxe4 Nf6 5. Nxf6+ exf6 6. c3 Bd6 7. Bd3
O-O 8. Qc2 g6 9. Ne2 Re8 10. h4 Nd7 11. h5 Nf8 12. hxg6 fxg6 13. Bh6 Be6
14. O-O-O Bf7 15. Kb1 Qa5 16. Nc1 Qc7 17. Rh3 Nd7 18. Rdh1 Re7 19. Bg7 h5
20. Bh6 f5 21. Bg5 Ree8 22. f3 Bf4 23. Bxf4 Qxf4 24. Ne2 Qd6 25. g4 Nf6 26.
gxf5 gxf5 27. Ng3 Kf8 28. Nxf5 Qe6 29. b3 Nd5 30. Qd2 b5 31. Kb2 Qf6 32.
Be4 Rad8 33. Qh6+ Qxh6 34. Nxh6 Nf6 35. Nxf7 Kxf7 36. Bxc6 Re2+ 37. Ka3 Rb8
38. R1h2 Re3 39. f4 Re6 40. Bf3 b4+ 41. cxb4 Ra6+ 42. Kb2 Rxb4 43. Kc3 Rb8
44. Bxh5+ Ke6 45. Re2+ Kd6 46. Bf7 Rc6+ 47. Kb2 1-0

[Event "ECC"]
[Site "Panormo GRE"]
[Date "2001.09.24"]
[Round "2"]
[White "Jouhki,Y"]
[Black "Stanec,N"]
[Result "0-1"]
[WhiteElo "2274"]
[BlackElo "2530"]
[EventDate "2001.09.22"]

1. Nf3 c5 2. e4 g6 3. d4 cxd4 4. Qxd4 Nf6 5. Bb5 Nc6 6. Bxc6 dxc6 7. Qxd8+
Kxd8 8. Nc3 Bg7 9. h3 Nd7 10. Bd2 h6 11. O-O-O e5 12. Be3 Kc7 13. Nd2 b5
14. Nb3 a5 15. a4 b4 16. Nb1 Nb6 17. N1d2 Nxa4 18. Nc4 Be6 19. Nbxa5 Rhb8
20. Rd6 Ra6 21. Rhd1 Rb5 22. Nb3 Bf8 23. Rd8 Bc5 24. Bxh6 Bxf2 25. Bg5 Nc5
26. Nd6 Nxb3+ 27. cxb3 Rc5+ 28. Kb1 Bd4 29. Ne8+ Kb6 30. Rb8+ Ka7 31. Rxb4
Rb6 32. Rxb6 Kxb6 33. Bd8+ Ka7 34. Be7 Ra5 35. b4 Ra4 36. Rd3 0-1

[Event "ECC"]
[Site "Panormo GRE"]
[Date "2001.09.24"]
[Round "2"]
[White "Berzinsh,R"]
[Black "Hall,Je"]
[Result "0-1"]
[WhiteElo "2478"]
[BlackElo "2501"]
[EventDate "2001.09.22"]

1. e4 c5 2. Nf3 Nc6 3. d4 cxd4 4. Nxd4 Nf6 5. Nc3 e6 6. Ndb5 Bc5 7. Bf4 O-O
8. Bc7 Qe7 9. Bd6 Bxd6 10. Qxd6 Ne8 11. Qxe7 Nxe7 12. O-O-O f5 13. Bd3 fxe4
14. Bxe4 d5 15. Bf3 Bd7 16. Rhe1 a6 17. Nd4 Nc7 18. Rd2 Nc6 19. Na4 Rae8
20. Nc5 Nxd4 21. Rxd4 Bc6 22. Nd3 Nb5 23. Rg4 Nd6 24. Ne5 Rf6 25. Rb4 Nf7
26. Nxc6 bxc6 27. Rb6 e5 28. c4 e4 29. cxd5 cxd5 30. Rxf6 gxf6 31. Be2 a5
32. Rd1 Rd8 33. Rd4 Ne5 34. Kd2 Nc6 35. Ra4 Rb8 36. Kc1 Kf7 37. Ra3 Ke6 38.
Rh3 Rb7 39. b3 Ke5 40. Rh5+ Kd4 41. Rf5 Nb4 42. a3 Na2+ 43. Kc2 Rc7+ 44.
Kd2 Nc3 45. Bh5 Nb1+ 46. Kd1 Nxa3 47. Rxf6 Rc3 48. Rd6 Rc2 49. Ke1 Nb5 50.
Ra6 Ra2 51. g3 Ra1+ 52. Kd2 Nc3 53. Ra7 Rh1 54. h4 Rh2 55. Ke1 Rh1+ 56. Kd2
Rf1 57. Rf7 Rxf2+ 58. Rxf2 e3+ 59. Ke1 exf2+ 60. Kxf2 Ne4+ 61. Kg2 Nc5 62.
Bd1 Kc3 63. g4 Nxb3 64. Bxb3 Kxb3 65. g5 a4 66. h5 a3 67. g6 hxg6 68. hxg6
a2 69. g7 a1=Q 70. g8=Q Qe5 71. Qf7 Kc3 72. Qb7 d4 73. Qa8 Qe2+ 74. Kh1 d3
75. Qa3+ Kd4 76. Qd6+ Ke3 77. Qc5+ Kf3 78. Qh5+ Kg3 79. Qg5+ Qg4 80. Qe5+
Kf3 81. Qf6+ Qf4 82. Qc3 Qh4+ 0-1

[Event "ECC"]
[Site "Panormo GRE"]
[Date "2001.09.24"]
[Round "2"]
[White "Pedersen,St"]
[Black "Neiksans,A"]
[Result "1-0"]
[WhiteElo "2453"]
[BlackElo "2435"]
[EventDate "2001.09.22"]

1. e4 e5 2. Nf3 Nf6 3. Nxe5 d6 4. Nf3 Nxe4 5. d4 d5 6. Bd3 Nc6 7. O-O Be7
8. c4 Nf6 9. Nc3 Bg4 10. Bg5 Nxd4 11. cxd5 Nxf3+ 12. gxf3 Bd7 13. Re1 O-O
14. Bc2 h6 15. Bh4 Re8 16. Qd3 g6 17. d6 Bxd6 18. Nd5 g5 19. Rxe8+ Bxe8 20.
Qf5 Be5 21. Bxg5 hxg5 22. Qxg5+ Kf8 23. Qh6+ Kg8 24. Qg5+ Kf8 25. Qh6+ Kg8
26. Kh1 Ng4 27. Rg1 Bd7 28. Rxg4+ Bxg4 29. Bh7+ Kh8 30. Bg6+ 1-0

[Event "ECC"]
[Site "Panormo GRE"]
[Date "2001.09.24"]
[Round "2"]
[White "Starostits,I"]
[Black "Bekker Jensen,S"]
[Result "1/2-1/2"]
[WhiteElo "2411"]
[BlackElo "2356"]
[EventDate "2001.09.22"]

1. e4 c5 2. Nc3 Nc6 3. g3 g6 4. Bg2 Bg7 5. d3 d6 6. f4 e6 7. Nf3 Nge7 8.
O-O O-O 9. Be3 b6 10. d4 d5 11. exd5 Nf5 12. Bf2 Ncxd4 13. Ng5 e5 14. Qd2
exf4 15. gxf4 h6 16. Nf3 Nxf3+ 17. Bxf3 Nd6 18. Rad1 Bf5 19. b3 Qf6 20. Ne2
h5 21. Ng3 Bh6 22. Kh1 Rae8 23. Rde1 Bh3 24. Rg1 Rxe1 25. Bxe1 Kh7 26. Qd3
Bf5 27. Nxf5 Qxf5 28. Bd2 Qxd3 29. cxd3 Re8 30. Kg2 Nf5 31. Kf2 Nd4 32. b4
Bf8 33. Rc1 Kg8 34. Be3 Nf5 35. bxc5 Nxe3 36. d6 bxc5 37. d7 Rd8 38. Kxe3
Rxd7 39. Rc4 Bg7 40. f5 Bd4+ 41. Kd2 Kg7 42. Ra4 gxf5 43. Bxh5 Rb7 44. Bf3
Rb2+ 45. Kd1 Rxh2 46. Rxa7 Kg6 1/2-1/2

[Event "ECC"]
[Site "Panormo GRE"]
[Date "2001.09.24"]
[Round "2"]
[White "Hutters,T"]
[Black "Dzjuba,V"]
[Result "1/2-1/2"]
[WhiteElo "2390"]
[BlackElo "2273"]
[EventDate "2001.09.22"]

1. c4 g6 2. d4 Nf6 3. Bg5 Bg7 4. Nc3 d6 5. e3 O-O 6. Nf3 Nbd7 7. Qc2 e5 8.
Rd1 exd4 9. Nxd4 Nc5 10. Be2 Ne6 11. Bh4 Nxd4 12. Rxd4 Bd7 13. O-O Re8 14.
Bf3 Bc6 15. Nd5 h6 16. Nxf6+ Bxf6 17. Bxf6 Qxf6 18. Bd5 Re7 19. Qb3 Rae8
20. Rfd1 a5 21. h3 Kg7 22. R1d2 g5 23. Qc3 Ra8 24. c5 Bxd5 25. cxd6 cxd6
26. Rxd5 Qxc3 27. bxc3 Rc7 28. Rxd6 Rxc3 29. Rd7 b6 30. Rb7 Rc1+ 31. Kh2
Rc6 32. Kg3 Re8 33. Rdd7 Rf6 34. Rd3 Re4 35. f3 Ree6 1/2-1/2

[Event "ECC"]
[Site "Panormo GRE"]
[Date "2001.09.24"]
[Round "2"]
[White "Putka,V"]
[Black "Bekker Jensen,Da"]
[Result "0-1"]
[WhiteElo "2277"]
[BlackElo "2284"]
[EventDate "2001.09.22"]

1. Nf3 Nf6 2. c4 g6 3. b3 Bg7 4. Bb2 d6 5. g3 O-O 6. Bg2 e5 7. O-O Re8 8.
d3 Nc6 9. Nbd2 Bf5 10. Ng5 Qd7 11. Re1 h6 12. Nge4 Bh3 13. Nxf6+ Bxf6 14.
Bh1 Bg7 15. Bc3 f5 16. b4 Qe7 17. b5 Nd8 18. e3 Rf8 19. Qb3 Kh7 20. Qb2 Rb8
21. f4 Re8 22. Nf3 Ne6 23. Rad1 Bg4 24. fxe5 dxe5 25. Bxe5 Bxf3 26. Bxg7
Bxd1 27. Bf6 Qc5 28. Rxd1 Qxe3+ 29. Qf2 Ng5 30. Bg2 Re6 31. Bd4 Qxf2+ 32.
Bxf2 b6 33. h4 Nf7 34. Bd5 Re7 35. a4 Ne5 36. Bd4 Ng4 37. a5 Ne3 38. Bxe3
Rxe3 39. Kf2 Rbe8 40. h5 Re2+ 41. Kf1 R8e7 42. axb6 axb6 43. Bf3 Ra2 44. g4
Kg7 45. gxf5 gxf5 46. d4 Re3 47. Bd5 Rb2 48. Ra1 Kf6 0-1

[Event "ECC"]
[Site "Panormo GRE"]
[Date "2001.09.24"]
[Round "2"]
[White "Quinn,M"]
[Black "Konopka,M"]
[Result "1-0"]
[WhiteElo "2386"]
[BlackElo "2479"]
[EventDate "2001.09.22"]

1. c4 Nf6 2. Nc3 d5 3. cxd5 Nxd5 4. g3 g6 5. Bg2 Nb6 6. d3 Bg7 7. Be3 Nc6
8. Bxc6+ bxc6 9. Qc1 c5 10. Bxc5 Bb7 11. f3 Qd7 12. h4 O-O-O 13. Nh3 Kb8
14. Kf2 e5 15. a4 Qc6 16. Be3 Rxd3 17. Ne4 Qxc1 18. Rhxc1 Rb3 19. Nc5 Rxb2
20. Ng5 h6 21. Nd3 Rb3 22. Nxf7 e4 23. Rab1 Rxb1 24. Rxb1 Rf8 25. Nde5 Kc8
26. a5 Nc4 27. Bc5 Bxe5 28. Bxf8 Bd4+ 29. Kg2 exf3+ 30. exf3 Bxf3+ 31. Kxf3
Nd2+ 32. Kg4 Nxb1 33. Bxh6 Nc3 34. Kg5 Ne4+ 35. Kxg6 Nxg3 36. Bf4 Ne2 37.
Bh2 c5 38. h5 Kd7 39. h6 Ke6 40. Ne5 Bxe5 41. Bxe5 Kxe5 42. h7 Nf4+ 43. Kg5
1-0

[Event "ECC"]
[Site "Panormo GRE"]
[Date "2001.09.24"]
[Round "2"]
[White "Oral,T"]
[Black "Zifroni,D"]
[Result "1/2-1/2"]
[WhiteElo "2540"]
[BlackElo "2548"]
[EventDate "2001.09.22"]

1. e4 e6 2. d4 d5 3. Nd2 c5 4. exd5 Qxd5 5. Ngf3 cxd4 6. Bc4 Qd6 7. Qe2 Nf6
8. Nb3 Nc6 9. Bg5 a6 10. O-O-O b5 11. Bd3 Be7 12. Nbxd4 Nxd4 13. Nxd4 Qd5
14. Bxf6 Bxf6 15. Kb1 Qc5 16. Be4 Rb8 17. Bc6+ Kf8 18. Qe3 Kg8 19. Qg3 e5
20. Be4 g6 21. h4 Kg7 22. h5 Rd8 23. h6+ Kf8 24. Nc6 Rxd1+ 25. Rxd1 Rb6 26.
Qf3 Bf5 27. Bxf5 Rxc6 28. Rd5 e4 1/2-1/2

[Event "ECC"]
[Site "Panormo GRE"]
[Date "2001.09.24"]
[Round "2"]
[White "Zilberman,Y"]
[Black "Ftacnik,L"]
[Result "1/2-1/2"]
[WhiteElo "2471"]
[BlackElo "2580"]
[EventDate "2001.09.22"]

1. d4 Nf6 2. Nf3 g6 3. c4 Bg7 4. Nc3 d5 5. Bg5 Ne4 6. cxd5 Nxg5 7. Nxg5 O-O
8. Nf3 c6 9. e3 cxd5 10. Be2 Nc6 11. O-O e6 12. Rc1 Bd7 13. a3 Qe7 14. b4
Rac8 15. Qb3 f5 16. Rfd1 f4 17. e4 dxe4 18. Nxe4 Nxd4 19. Nxd4 Rxc1 20.
Rxc1 Bxd4 21. Rc7 Qd8 22. Rxb7 Bc8 23. Rb5 a6 24. Ra5 Bb6 25. Ra4 Rf5 26.
b5 axb5 27. Ra8 Rf8 28. Bxb5 Qd4 29. Rxc8 Qxe4 30. Rxf8+ Kxf8 31. Qb4+ Qxb4
32. axb4 Ke7 33. Kf1 Kd6 34. Bc4 g5 1/2-1/2

[Event "ECC"]
[Site "Panormo GRE"]
[Date "2001.09.24"]
[Round "2"]
[White "Bykhovsky,Av"]
[Black "Kolesar,Mil"]
[Result "1-0"]
[WhiteElo "2443"]
[BlackElo "2234"]
[EventDate "2001.09.22"]

1. d4 d5 2. c4 c6 3. Nf3 Nf6 4. e3 Bf5 5. Nc3 e6 6. Nh4 Be4 7. f3 Bg6 8.
Nxg6 hxg6 9. Qb3 Qc7 10. g3 Nbd7 11. Bd2 Be7 12. O-O-O dxc4 13. Bxc4 b5 14.
Be2 a6 15. e4 c5 16. Bf4 Qb6 17. e5 Nh7 18. d5 c4 19. Qc2 g5 20. dxe6 Qxe6
21. Nd5 Rc8 22. Nxe7 Qxe7 23. e6 Qxe6 24. Bd3 Nc5 25. Bf5 Nd3+ 26. Rxd3
cxd3 27. Qxc8+ Qxc8+ 28. Bxc8 gxf4 29. Bxa6 b4 30. gxf4 Nf6 31. Bxd3 Rh4
32. f5 Nh5 33. Re1+ Kf8 34. Re4 Rxh2 35. Rxb4 f6 36. a4 Ke7 37. a5 Rh1+ 38.
Kc2 Ra1 39. a6 Kd6 40. Rh4 Ng3 41. Rh7 Ke5 42. Rxg7 Nxf5 43. Bxf5 1-0

[Event "ECC"]
[Site "Panormo GRE"]
[Date "2001.09.24"]
[Round "2"]
[White "Szucs,V"]
[Black "Haimovich,T"]
[Result "0-1"]
[WhiteElo "2165"]
[BlackElo "2304"]
[EventDate "2001.09.22"]

1. d4 Nf6 2. c4 c5 3. Nf3 g6 4. g3 Bg7 5. Bg2 O-O 6. O-O cxd4 7. Nxd4 Qc7
8. b3 Nc6 9. Bb2 b6 10. e3 Bb7 11. Nd2 Nxd4 12. Bxd4 Bxg2 13. Kxg2 Rac8 14.
Qf3 d6 15. Kg1 Nd7 16. Bxg7 Kxg7 17. Qe4 Nf6 18. Qd4 Qc5 19. Qxc5 Rxc5 20.
e4 Rfc8 21. Rfe1 h5 22. Nf3 Nd7 23. Nd4 a6 24. Re2 b5 25. cxb5 axb5 26. Kg2
b4 27. a4 Rc3 28. Rb1 Nc5 29. Nb5 Rxb3 30. Rxb3 Nxb3 31. Rb2 Nc5 32. Rxb4
Rb8 33. h4 Nxa4 34. Rxa4 Rxb5 35. Ra7 Kf6 36. Kf3 Rb3+ 37. Ke2 Ke6 38. Ra5
Rc3 39. Rb5 f6 40. Ra5 Rc5 41. Ra8 Re5 42. Kd3 f5 43. exf5+ Rxf5 44. Ke3
Rb5 45. Rg8 Kf6 46. Rf8+ Ke5 47. Re8 Rb3+ 48. Ke2 e6 49. Rg8 Kf6 50. Rf8+
Ke7 51. Rg8 Kf7 52. Rd8 d5 53. Kd2 Kf6 54. Rg8 e5 55. Rf8+ Ke6 56. Ke2 d4
57. Re8+ Kf6 58. Rf8+ Ke7 59. Rg8 Kf7 60. Rd8 Ra3 61. Rd6 Rb3 62. Rd8 Ra3
63. Rd6 Rc3 64. Rd8 Ke6 65. Rg8 Kf5 66. Rf8+ Ke4 67. Rf6 Rc2+ 68. Kf1 d3
69. Ke1 Re2+ 70. Kf1 Rb2 71. Ke1 Ra2 72. Rxg6 Kf3 73. Rf6+ Kg2 74. Rf5 e4
75. Rf4 Re2+ 76. Kd1 Kf1 77. g4 hxg4 78. h5 Rxf2 79. Rxe4 g3 80. Re1+ Kg2
81. h6 Rf6 82. h7 Rh6 83. Kd2 Rxh7 84. Kxd3 Rd7+ 85. Kc2 Kf2 86. Re8 g2 87.
Rf8+ Kg1 88. Kc1 Rh7 89. Kd2 Kh1 0-1

[Event "ECC"]
[Site "Panormo GRE"]
[Date "2001.09.24"]
[Round "2"]
[White "Ben Menachem,I"]
[Black "Blaho,S"]
[Result "1/2-1/2"]
[WhiteElo "2331"]
[BlackElo "2158"]
[EventDate "2001.09.22"]

1. d4 Nf6 2. c4 d6 3. Nc3 Nbd7 4. e4 e5 5. Nf3 c6 6. Be2 Be7 7. O-O Qc7 8.
Re1 Nf8 9. d5 Ng6 10. h3 O-O 11. Be3 c5 12. a3 h6 13. b4 b6 14. bxc5
1/2-1/2

[Event "ECC"]
[Site "Panormo GRE"]
[Date "2001.09.24"]
[Round "2"]
[White "Arnason,J"]
[Black "Keogh,E"]
[Result "1-0"]
[WhiteElo "2528"]
[BlackElo "2152"]
[EventDate "2001.09.22"]

1. c4 e5 2. Nc3 Nc6 3. g3 g6 4. Bg2 Bg7 5. e3 d6 6. Rb1 Nf6 7. Nge2 O-O 8.
O-O Ne7 9. d4 c6 10. b4 Be6 11. Qd3 d5 12. dxe5 Nd7 13. f4 dxc4 14. Qc2 Nd5
15. Nd4 Qe7 16. b5 Nb4 17. Qe2 c5 18. Nxe6 Qxe6 19. a3 Nd3 20. Bxb7 Rad8
21. Bd5 1-0

[Event "ECC"]
[Site "Panormo GRE"]
[Date "2001.09.24"]
[Round "2"]
[White "Welling,G"]
[Black "Hermansson,E"]
[Result "1-0"]
[WhiteElo "2376"]
[BlackElo "2381"]
[EventDate "2001.09.22"]

1. e4 c6 2. Ne2 d5 3. e5 c5 4. d4 Nc6 5. c3 Bg4 6. f3 Bf5 7. dxc5 Nxe5 8.
Nd4 Bd7 9. f4 Nc6 10. Be3 Nf6 11. Nd2 g6 12. Be2 Bg7 13. O-O O-O 14. b4 Re8
15. Nxc6 bxc6 16. Bd4 a5 17. a3 axb4 18. axb4 Bf5 19. Bf3 h5 20. Nb3 Qd7
21. Ra5 Bg4 22. Bxg4 hxg4 23. Re1 Qf5 24. g3 Ne4 25. Bxg7 Kxg7 26. Nd4 Qf6
27. Qxg4 Nxc3 28. Re5 Rxa5 29. bxa5 e6 30. h4 Ne4 31. h5 Nxc5 32. hxg6 fxg6
33. Kg2 Kf7 34. Qe2 Nd7 35. Nxc6 Rc8 36. Qa6 Rc7 37. Re2 Kg7 38. Qb5 Nf8
1-0

[Event "ECC"]
[Site "Panormo GRE"]
[Date "2001.09.24"]
[Round "2"]
[White "Huizer,M"]
[Black "Sjoberg,M"]
[Result "1/2-1/2"]
[WhiteElo "2208"]
[BlackElo "2349"]
[EventDate "2001.09.22"]

1. Nf3 c5 2. g3 b6 3. e4 Bb7 4. d3 g6 5. Bg2 Bg7 6. Nc3 Nf6 7. O-O d6 8. h3
Nc6 9. Be3 O-O 10. Qd2 d5 11. e5 d4 12. exf6 dxc3 13. fxe7 cxd2 14. exd8=Q
Raxd8 15. Nxd2 Bxb2 16. Bxc5 bxc5 17. Rab1 Bc3 18. Ne4 Nb4 19. Nxc3 Bxg2
20. Kxg2 Nxc2 21. Ne4 Rxd3 22. Rb2 f5 23. Nxc5 Rd2 24. Kg1 Rfd8 25. Nb3 Re2
26. Nc1 Red2 27. Nb3 Re2 28. Nc1 1/2-1/2

[Event "ECC"]
[Site "Panormo GRE"]
[Date "2001.09.24"]
[Round "2"]
[White "Coenen,N"]
[Black "Gunnarsson,J"]
[Result "1/2-1/2"]
[WhiteElo "2418"]
[BlackElo "2404"]
[EventDate "2001.09.22"]

1. e4 e6 2. d4 d5 3. Nd2 c5 4. exd5 exd5 5. Ngf3 Nc6 6. Bb5 Bd6 7. dxc5
Bxc5 8. O-O Nge7 9. Nb3 Bd6 10. Re1 O-O 11. Bg5 f6 12. Bh4 Bg4 13. Bg3 Bxg3
14. hxg3 Qd6 15. Be2 Rad8 16. Nfd4 Bd7 17. Nxc6 Bxc6 18. Qd4 b6 19. Rad1
Rd7 20. c3 Qc7 21. Bd3 Ng6 22. Bf5 Re7 23. Be6+ Kh8 24. Bxd5 Rd8 25. c4
Rxe1+ 26. Rxe1 Ne7 27. Qe4 Bxd5 28. cxd5 Qe5 29. Qxe5 fxe5 30. Rxe5 Nxd5
31. Nd4 Nf6 32. Nf3 Rc8 33. Re2 Rc1+ 34. Ne1 Kg8 35. f3 Kf7 36. Kf2 Ra1 37.
a3 Rd1 38. Nc2 Rd7 39. Ne3 b5 40. g4 h6 41. Nf5 Ng8 42. Rc2 g6 43. Ng3 Nf6
44. Ke2 Re7+ 45. Kd2 Rd7+ 46. Ke1 Rb7 47. Rc6 a5 48. Kd2 Rd7+ 49. Kc2 Nd5
50. Ne4 Ne3+ 51. Kc3 Nxg2 52. Nd6+ Kf6 53. Nxb5+ Kg5 54. Nd4 Nf4 55. Kc4 h5
56. gxh5 gxh5 57. Rc5+ Kg6 58. Nf5 a4 59. Nh4+ Kh6 60. Rf5 Ne2 61. f4 Rd4+
62. Kb5 Rxf4 63. Rxf4 Nxf4 64. Nf3 Nd3 65. Kxa4 Nxb2+ 66. Kb3 1/2-1/2

[Event "ECC"]
[Site "Panormo GRE"]
[Date "2001.09.24"]
[Round "2"]
[White "Jonsson,B"]
[Black "Ahn,M"]
[Result "1-0"]
[WhiteElo "2395"]
[BlackElo "2340"]
[EventDate "2001.09.22"]

1. e4 c5 2. Nf3 d6 3. d4 cxd4 4. Nxd4 Nf6 5. Nc3 g6 6. Be3 Bg7 7. f3 O-O 8.
Qd2 Nc6 9. Bc4 Nd7 10. O-O-O Nb6 11. Bb3 Na5 12. Bg5 Bd7 13. Kb1 Rc8 14. h4
Nbc4 15. Qe2 h6 16. Bc1 e6 17. Qf2 Qb6 18. Rhf1 Qb4 19. Nde2 Rc5 20. f4 Bc6
21. g4 f5 22. gxf5 gxf5 23. exf5 exf5 24. Rg1 Rf7 25. Nd4 Bd7 26. Qg2 Nxb3
27. axb3 Nb6 28. Na2 Qa5 29. b4 Qa6 30. bxc5 dxc5 31. Nb3 Na4 32. Rd3 c4
33. Rg3 Qf6 34. Rg6 cxb3 35. Rxf6 bxa2+ 36. Ka1 Bc6 37. Rxf7 Bxg2 38. Rxg7+
Kxg7 39. Rxg2+ 1-0

[Event "ECC"]
[Site "Panormo GRE"]
[Date "2001.09.24"]
[Round "2"]
[White "Meessen,R"]
[Black "Thorsteinsson,T"]
[Result "1-0"]
[WhiteElo "2323"]
[BlackElo "2324"]
[EventDate "2001.09.22"]

1. d4 d5 2. c4 e6 3. Nc3 Nf6 4. cxd5 exd5 5. Bg5 Nbd7 6. e3 c6 7. Bd3 Be7
8. Qc2 O-O 9. Nf3 Re8 10. O-O Nf8 11. h3 Be6 12. Ne5 N6d7 13. Bxe7 Rxe7 14.
f4 f6 15. Nf3 Nb6 16. Rae1 Nc8 17. f5 Bf7 18. g4 Nd6 19. Nh4 Kh8 20. Ng2
Qc7 21. Rf4 Rae8 22. Qf2 b5 23. g5 fxg5 24. Rg4 Nd7 25. Rxg5 Nf6 26. b4 a5
27. a3 Nc4 28. Bxc4 bxc4 29. Nf4 Rb8 30. Qg3 axb4 31. axb4 Rg8 32. Kh1 Ne8
33. Rg1 Qd6 34. Rg6 Qd8 35. Rxc6 Qd7 36. Re6 Nf6 37. Qh4 Qd8 38. Rg3 Rxe6
39. fxe6 Be8 40. Kh2 Qd6 41. Qg5 Bg6 42. Ncxd5 Rf8 43. Nxg6+ hxg6 44. Qxg6
Ng4+ 45. Qxg4 Rf2+ 46. Kg1 Qf8 47. Nf4 1-0